| 000 | 003650000a22001570004500 | ||
|---|---|---|---|
| 005 | 20120302055903.0 | ||
| 942 | _cBOOK | ||
| 100 | _a Devdhar,Sa.Kru. | ||
| 245 | _a Ieshaawaasya,Ken Va Kathopanishada | ||
| 260 | _aPune:Prasaad Prakaashan,1987. | ||
| 300 | _a236p. | ||
| 040 | _aMAR | ||
| 650 | _aTatvadnyaan | ||
| 650 | _aUpnishade | ||
| 650 | _aKathopanishada | ||
| 999 |
_c349645 _d349642 |
||